[Event "EU-ch 11th"]
[Site "Rijeka"]
[Date "2010.03.14"]
[Round "8"]
[White "Alekseev, Evgeny V"]
[Black "Hracek, Zbynek"]
[Result "1/2-1/2"]
[WhiteElo "2700"]
[BlackElo "2615"]
[PlyCount "110"]
[EventDate "2010.03.06"]
[EventType "swiss"]
[EventRounds "11"]
[EventCountry "CRO"]
[SourceTitle "CBM 136"]
[Source "ChessBase"]
[SourceDate "2010.05.18"]
[SourceVersion "1"]
[SourceVersionDate "2010.05.18"]
[SourceQuality "1"]

1. Nf3 d5 2. e3 Nf6 3. c4 e6 4. Nc3 Be7 5. b3 O-O 6. Bb2 c5 7. cxd5 exd5 8. d4 Nc6 9. Be2 Bg4 10. dxc5 Bxc5 11. O-O a6 12. h3 Be6 ({RR} 12... Bh5 13. Nh4 Bxe2 14. Nxe2 Rc8 15. Rc1 Bb6 16. Nf5 Re8 17. Nf4 d4 18. Nxd4 Nxd4 19. Rxc8 Qxc8 20. Bxd4 Rd8 21. Qd3 Bxd4 22. exd4 Qc6 23. d5 Qd6 24. Qf3 g5 25. Ne2 h6 26. Rd1 Qe5 27. Nc3 {Klukin,K (2400)-Sutormin,D (2368) chess.com INT 2026 1-0 (130)}) ({RR} 12... Bh5 13. Nh4 Bxe2 14. Nxe2 Rc8 15. Rc1 Bb6 16. Nf5 Re8 17. Nf4 d4 18. Nxd4 Nxd4 19. Rxc8 Qxc8 20. Bxd4 Rd8 21. Qd3 Bxd4 22. exd4 Qc6 23. d5 Qd6 24. Qf3 g5 25. Ne2 h6 26. Rd1 Qe5 27. Nc3 {Klukin,K (2400)-Sutormin,D (2368) chess.com INT 2026 1-0 (130)}) 13. Na4 ({RR} 13. Bd3 Qe7 14. a3 Rad8 15. Ne2 Ne4 16. b4 Bd6 17. Rc1 a5 18. b5 Nb8 19. Qa4 Nd7 20. Nf4 Ndc5 21. Qd4 f6 22. Bc2 g5 23. Nxe6 Nxe6 24. Qd3 f5 25. Nd2 g4 26. Nxe4 fxe4 27. Qc3 Kf7 {Howell,D (2689)-Kazhgaleyev,M (2582) Batumi 2018 1-0 (48)}) ({RR} 13. Bd3 Qe7 14. a3 Rad8 15. Ne2 Ne4 16. b4 Bd6 17. Rc1 a5 18. b5 Nb8 19. Qa4 Nd7 20. Nf4 Ndc5 21. Qd4 f6 22. Bc2 g5 23. Nxe6 Nxe6 24. Qd3 f5 25. Nd2 g4 26. Nxe4 fxe4 27. Qc3 Kf7 {Howell,D (2689)-Kazhgaleyev,M (2582) Batumi 2018 1-0 (48)}) 13... Bd6 $146 ({RR} 13... Ba7 14. Rc1 Ne4 15. Nc3 Ng5 16. Kh1 d4 17. exd4 Nxd4 18. Nxd4 Qxd4 19. Qxd4 Bxd4 20. Ba1 Rfe8 21. h4 Bxc3 22. Rxc3 Bd5 23. Rg3 Ne6 24. h5 h6 25. f4 Kf8 26. Bd3 f6 27. Bb2 Nd8 28. Bh7 {Bluebaum,M (2670)-Sielecki,C (2431) Playchess.com INT 2021 1-0 (32)}) ({RR} 13... Ba7 14. Nd4 Qd6 15. Nxc6 Qxc6 16. Bxf6 gxf6 17. Bd3 f5 18. Qh5 b5 19. Rac1 Qd6 20. Qg5+ Kh8 21. Qf6+ Kg8 22. Nb2 Bb8 23. f4 Qd8 24. Qh6 Ba7 25. Rf3 Kh8 26. Kh2 Rg8 27. Nd1 Rg6 28. Qh5 {Shetty,A (2156)-Santosh,S (1695) Middleton 2025 1-0 (117)}) ({RR} 13... Ba7 14. Rc1 Ne4 15. Nc3 Ng5 16. Kh1 d4 17. exd4 Nxd4 18. Nxd4 Qxd4 19. Qxd4 Bxd4 20. Ba1 Rfe8 21. h4 Bxc3 22. Rxc3 Bd5 23. Rg3 Ne6 24. h5 h6 25. f4 Kf8 26. Bd3 f6 27. Bb2 Nd8 28. Bh7 {Bluebaum,M (2670)-Sielecki,C (2431) Playchess.com INT 2021 1-0 (32)}) ({RR} 13... Ba7 14. Nd4 Qd6 15. Nxc6 Qxc6 16. Bxf6 gxf6 17. Bd3 f5 18. Qh5 b5 19. Rac1 Qd6 20. Qg5+ Kh8 21. Qf6+ Kg8 22. Nb2 Bb8 23. f4 Qd8 24. Qh6 Ba7 25. Rf3 Kh8 26. Kh2 Rg8 27. Nd1 Rg6 28. Qh5 {Shetty,A (2156)-Santosh,S (1695) Middleton 2025 1-0 (117)}) 14. Nd4 Qe7 15. Rc1 Bd7 16. Nxc6 Bxc6 17. Qd4 Bxa4 18. bxa4 Ba3 19. Rb1 Bxb2 20. Qxb2 Qd7 21. Qxb7 Qxa4 22. Qb4 Qxb4 23. Rxb4 a5 24. Rd4 Rfc8 25. Bf3 a4 26. a3 Ra5 27. Ra1 Kf8 28. Bd1 Rca8 29. Rc1 Ne4 30. Rc7 Nd6 31. Rf4 Ke8 32. Rb4 Kd8 33. Rc3 Ke7 34. Rc7+ Kd8 35. Rc3 Ke7 36. Be2 R8a7 37. Kf1 Ne4 38. Rc6 Kd7 39. Rc2 Rc5 40. Bd3 Rxc2 41. Bxc2 Nd2+ 42. Ke2 Nc4 43. Rxa4 Rxa4 44. Bxa4+ Kd6 45. Bc2 Nxa3 46. Bxh7 g6 47. h4 Ke6 48. h5 gxh5 49. Kf3 Nc4 50. Kg3 Ne5 51. Bc2 Ng4 52. Bd1 f5 53. Bb3 h4+ 54. Kxh4 Nxf2 55. Kg3 Nd3 1/2-1/2

[Event "RUS-ch Higher League 64th"]
[Site "Taganrog"]
[Date "2011.06.23"]
[Round "8"]
[White "Vitiugov, Nikita"]
[Black "Savchenko, Boris"]
[Result "1/2-1/2"]
[WhiteElo "2733"]
[BlackElo "2630"]
[PlyCount "62"]
[EventDate "2011.06.15"]
[EventType "swiss"]
[EventRounds "11"]
[EventCountry "RUS"]
[SourceTitle "CBM 143"]
[Source "ChessBase"]
[SourceDate "2011.07.15"]
[SourceVersion "1"]
[SourceVersionDate "2011.07.15"]
[SourceQuality "1"]

1. d4 d5 2. c4 e6 3. Nc3 c5 4. cxd5 exd5 5. Nf3 Nc6 6. g3 Nf6 7. Bg2 Be7 8. O-O O-O 9. dxc5 Bxc5 10. a3 Bg4 ({RR} 10... a6 11. b4 Be7 12. Bb2 Be6 13. Rc1 Re8 14. Na4 Ne4 15. Nd4 Nxd4 16. Bxd4 Rc8 17. Qd3 Bf5 18. Nc5 Bxc5 19. bxc5 Qd7 20. Ba1 Nxc5 21. Qd4 Ne6 22. Qxd5 Qxd5 23. Bxd5 Nc5 24. Bd4 b6 25. e3 {Kobalia,M (2635)-Potkin,V (2516) ICC INT 2003 1-0 (67)}) ({RR} 10... a6 11. b4 Be7 12. Bb2 Be6 13. Rc1 Re8 14. Na4 Ne4 15. Nd4 Nxd4 16. Bxd4 Rc8 17. Qd3 Bf5 18. Nc5 Bxc5 19. bxc5 Qd7 20. Ba1 Nxc5 21. Qd4 Ne6 22. Qxd5 Qxd5 23. Bxd5 Nc5 24. Bd4 b6 25. e3 {Kobalia,M (2635)-Potkin,V (2516) ICC INT 2003 1-0 (67)}) 11. b4 Bb6 ({RR} 11... Be7 12. Bb2 Rc8 13. Nb5 Ne4 14. Rc1 Qd7 15. Nbd4 Bh3 16. Bxh3 Qxh3 17. Nxc6 bxc6 18. Ne5 Bf6 19. Bd4 Qe6 20. Nf3 a5 21. Bxf6 Qxf6 22. Nd4 axb4 23. axb4 Qd6 24. e3 Rfd8 25. Qa4 c5 26. bxc5 {Goltseva,E (2286)-Matveeva,O (2145) Chess.com INT 2021 1-0 (42)}) ({RR} 11... Be7 12. Bb2 Rc8 13. Nb5 Ne4 14. Rc1 Qd7 15. Nbd4 Bh3 16. Bxh3 Qxh3 17. Nxc6 bxc6 18. Ne5 Bf6 19. Bd4 Qe6 20. Nf3 a5 21. Bxf6 Qxf6 22. Nd4 axb4 23. axb4 Qd6 24. e3 Rfd8 25. Qa4 c5 26. bxc5 {Goltseva,E (2286)-Matveeva,O (2145) Chess.com INT 2021 1-0 (42)}) 12. Bg5 $146 ({RR} 12. Bb2 a6 13. Rc1 Ba7 14. h3 Bf5 15. Na4 Ne4 16. Nd4 Qd7 17. Nxf5 Qxf5 18. Nc5 a5 19. g4 Qg5 20. Nxb7 Rab8 21. Rxc6 Rxb7 22. Bd4 Bb8 23. Qc1 Qd8 24. Rd1 f5 25. gxf5 axb4 26. Bxe4 dxe4 {Demuth,A (2558)-Gindi,S (2397) Biel 2017 1-0 (34)}) ({RR} 12. Bb2 a6 13. Rc1 Ba7 14. h3 Bf5 15. Na4 Ne4 16. Nd4 Qd7 17. Nxf5 Qxf5 18. Nc5 a5 19. g4 Qg5 20. Nxb7 Rab8 21. Rxc6 Rxb7 22. Bd4 Bb8 23. Qc1 Qd8 24. Rd1 f5 25. gxf5 axb4 26. Bxe4 dxe4 {Demuth,A (2558)-Gindi,S (2397) Biel 2017 1-0 (34)}) 12... d4 13. Ne4 Re8 14. Qd3 Ne5 15. Nxe5 Rxe5 16. Bxf6 gxf6 17. h3 Bf5 18. g4 Bg6 19. f4 Bxe4 20. Bxe4 Re7 21. Kg2 Qd7 22. Bxh7+ Kg7 23. Be4 Rae8 24. Bf3 Re3 25. Qf5 Rxe2+ 26. Bxe2 Rxe2+ 27. Kg3 Re3+ 28. Kh2 Re2+ 29. Kg3 Re3+ 30. Kh2 Re2+ 31. Kg3 Re3+ 1/2-1/2

[Event "FIDE World Cup"]
[Site "Khanty-Mansiysk"]
[Date "2009.11.23"]
[Round "1.8"]
[White "Tregubov, Pavel V"]
[Black "Akobian, Varuzhan"]
[Result "0-1"]
[WhiteElo "2642"]
[BlackElo "2624"]
[PlyCount "82"]
[EventDate "2009.11.21"]
[EventType "k.o."]
[EventRounds "7"]
[EventCountry "RUS"]
[SourceTitle "CBM 134"]
[Source "ChessBase"]
[SourceDate "2010.01.18"]
[SourceVersion "1"]
[SourceVersionDate "2010.01.18"]
[SourceQuality "1"]

1. d4 d5 2. c4 e6 3. Nf3 c5 4. cxd5 exd5 5. g3 Nc6 6. Bg2 Nf6 7. O-O Be7 8. Nc3 O-O 9. dxc5 Bxc5 10. Na4 Be7 11. Be3 Bg4 12. Rc1 Re8 13. Nc3 ({RR} 13. Re1 Bb4 14. Bd2 Bxd2 15. Qxd2 Ne4 16. Qf4 Be6 17. Nd2 g5 18. Qe3 Bf5 19. Nc5 Nxc5 20. Qxc5 Qf6 21. Qc3 Qxc3 22. bxc3 Rad8 23. Nf3 h6 24. Nd4 Be4 25. Bxe4 dxe4 26. Nxc6 bxc6 27. Red1 Rxd1+ {Leko,P (2670)-Wei,Y (2721) Nanjing 2019 ½-½ (39)}) ({RR} 13. Bc5 Qd7 14. Re1 Rad8 15. Nd4 Ne5 16. Bxa7 Bb4 17. Rf1 Nc6 18. Bc5 Nxd4 19. Qxd4 Qxa4 20. Bxb4 Bxe2 21. Rfe1 Qxa2 22. Bc3 Qc4 23. Qd2 Qd3 24. Qxd3 Bxd3 25. Rxe8+ Rxe8 26. Bxf6 gxf6 27. Bxd5 Ba6 {Weetik,V (2423)-Stojanovski,S (2169) chess.com INT 2024 1-0 (38)}) ({RR} 13. Re1 Bb4 14. Bd2 Bxd2 15. Qxd2 Ne4 16. Qf4 Be6 17. Nd2 g5 18. Qe3 Bf5 19. Nc5 Nxc5 20. Qxc5 Qf6 21. Qc3 Qxc3 22. bxc3 Rad8 23. Nf3 h6 24. Nd4 Be4 25. Bxe4 dxe4 26. Nxc6 bxc6 27. Red1 Rxd1+ {Leko,P (2670)-Wei,Y (2721) Nanjing 2019 ½-½ (39)}) ({RR} 13. Bc5 Qd7 14. Re1 Rad8 15. Nd4 Ne5 16. Bxa7 Bb4 17. Rf1 Nc6 18. Bc5 Nxd4 19. Qxd4 Qxa4 20. Bxb4 Bxe2 21. Rfe1 Qxa2 22. Bc3 Qc4 23. Qd2 Qd3 24. Qxd3 Bxd3 25. Rxe8+ Rxe8 26. Bxf6 gxf6 27. Bxd5 Ba6 {Weetik,V (2423)-Stojanovski,S (2169) chess.com INT 2024 1-0 (38)}) 13... Qd7 14. Qa4 h6 15. Rfd1 Bf8 $146 ({RR} 15... Rad8 16. Nd4 Bf8 17. Nxc6 bxc6 18. Bd4 Bxe2 19. Nxe2 Rxe2 20. Qxc6 Qf5 21. Bf1 Re6 22. Qc2 Qh5 23. Bxa7 Ng4 24. h3 Ne5 25. Bg2 Nf3+ 26. Bxf3 Qxf3 27. Rd3 Qf5 28. Kg2 Ra6 29. Bd4 Rxa2 30. Rf3 {Colls Gelaberto,E (2093)-Vilar Lopez,M (2022) Barcelona 2018 ½-½ (55)}) ({RR} 15... Rad8 16. Nd4 Bf8 17. Nxc6 bxc6 18. Bd4 Bxe2 19. Nxe2 Rxe2 20. Qxc6 Qf5 21. Bf1 Re6 22. Qc2 Qh5 23. Bxa7 Ng4 24. h3 Ne5 25. Bg2 Nf3+ 26. Bxf3 Qxf3 27. Rd3 Qf5 28. Kg2 Ra6 29. Bd4 Rxa2 30. Rf3 {Colls Gelaberto,E (2093)-Vilar Lopez,M (2022) Barcelona 2018 ½-½ (55)}) 16. Nd4 Rac8 17. Nxc6 bxc6 18. Qxa7 Qf5 19. Qa4 Rxe3 20. fxe3 Qe6 21. Qd4 Re8 22. Rf1 Bd6 23. Na4 Bxe2 24. Nc5 Bxc5 25. Rxc5 Bxf1 26. Bxf1 Ne4 27. Rc2 c5 28. Qd3 c4 29. Qd4 Nd6 30. Re2 Nf5 31. Qf4 g5 32. Qf2 Nxe3 33. b3 c3 34. Re1 d4 35. Bd3 Kg7 36. Re2 Qd5 37. b4 Re6 38. b5 Rf6 39. Qe1 Rf1+ 40. Qxf1 Nxf1 41. Kxf1 Qf3+ 0-1

[Event "FIDE World Cup"]
[Site "Khanty-Mansiysk"]
[Date "2009.11.23"]
[Round "1.9"]
[White "Tregubov, Pavel V"]
[Black "Akobian, Varuzhan"]
[Result "1-0"]
[WhiteElo "2642"]
[BlackElo "2624"]
[PlyCount "89"]
[EventDate "2009.11.21"]
[EventType "k.o."]
[EventRounds "7"]
[EventCountry "RUS"]
[SourceTitle "CBM 134"]
[Source "ChessBase"]
[SourceDate "2010.01.18"]
[SourceVersion "1"]
[SourceVersionDate "2010.01.18"]
[SourceQuality "1"]

1. d4 d5 2. c4 e6 3. Nf3 c5 4. e3 Nf6 5. Nc3 a6 6. cxd5 exd5 7. dxc5 Bxc5 8. Be2 Nc6 9. O-O O-O 10. Nd4 Ne5 ({RR} 10... Nxd4 11. exd4 Ba7 12. Bg5 Be6 13. Bf3 h6 14. Bh4 Rc8 15. Rc1 Rc4 16. Bxf6 Qxf6 17. Nxd5 Bxd5 18. Bxd5 Rxd4 19. Qb3 Rd2 20. Rc2 Qxf2+ {0-1 (20) Xiong,J (2659)-Warmerdam,M (2617) chess.com INT 2024}) ({RR} 10... Nxd4 11. exd4 Be7 12. Bf3 Be6 13. Qb3 b5 14. Bg5 Rc8 15. Rfd1 Rc4 16. Be2 Rc6 17. Bxf6 Bxf6 18. a4 bxa4 19. Rxa4 Qd6 20. Qa2 Rb8 21. g3 Rcb6 22. Rxa6 Rxa6 23. Qxa6 Qxa6 24. Bxa6 Rxb2 25. Bf1 {Gungl,T (2338)-Holinka,H (2312) Germany GER 2026 ½-½ (44)}) ({RR} 10... Nxd4 11. exd4 Ba7 12. Bg5 Be6 13. Bf3 h6 14. Bh4 Rc8 15. Rc1 Rc4 16. Bxf6 Qxf6 17. Nxd5 Bxd5 18. Bxd5 Rxd4 19. Qb3 Rd2 20. Rc2 Qxf2+ {0-1 (20) Xiong,J (2659)-Warmerdam,M (2617) chess.com INT 2024}) ({RR} 10... Nxd4 11. exd4 Be7 12. Bf3 Be6 13. Qb3 b5 14. Bg5 Rc8 15. Rfd1 Rc4 16. Be2 Rc6 17. Bxf6 Bxf6 18. a4 bxa4 19. Rxa4 Qd6 20. Qa2 Rb8 21. g3 Rcb6 22. Rxa6 Rxa6 23. Qxa6 Qxa6 24. Bxa6 Rxb2 25. Bf1 {Gungl,T (2338)-Holinka,H (2312) Germany GER 2026 ½-½ (44)}) 11. b3 Re8 $146 ({RR} 11... Qd6 12. Bb2 Re8 13. Qd2 Neg4 14. Bxg4 Nxg4 15. Nf3 Rxe3 16. Qxd5 Qxd5 17. Nxd5 Rd3 18. Nf4 Rd8 19. h3 Nf6 20. Bxf6 gxf6 21. Rac1 b6 22. Nh5 Rd6 23. Rfd1 Rxd1+ 24. Rxd1 Be7 25. Rc1 Bb7 26. Nd4 {Bailet,P (2474)-Koziak,V (2509) Rennes 2013 ½-½ (121)}) ({RR} 11... Qd6 12. Bb2 Re8 13. Qd2 Neg4 14. Bxg4 Nxg4 15. Nf3 Rxe3 16. Qxd5 Qxd5 17. Nxd5 Rd3 18. Nf4 Rd8 19. h3 Nf6 20. Bxf6 gxf6 21. Rac1 b6 22. Nh5 Rd6 23. Rfd1 Rxd1+ 24. Rxd1 Be7 25. Rc1 Bb7 26. Nd4 {Bailet,P (2474)-Koziak,V (2509) Rennes 2013 ½-½ (121)}) 12. Bb2 Bg4 13. h3 Bxe2 14. Ndxe2 Nc6 15. Rc1 Ba7 16. Na4 Ne4 17. Nd4 Rc8 18. Nxc6 bxc6 19. Qg4 f6 20. Rc2 Qd6 21. Rfc1 Bb8 22. g3 Ng5 23. h4 Ne4 24. Bd4 h6 25. Nc5 Nxc5 26. Bxc5 Qd8 27. Bd4 Qd6 28. h5 Rc7 29. Kg2 Re4 30. Qf5 Qe6 31. Qxe6+ Rxe6 32. Rc5 Kf7 33. Ra5 Rc8 34. Rxd5 cxd5 35. Rxc8 Be5 36. Rc5 Rd6 37. Rc7+ Kg8 38. Kf3 Re6 39. Rd7 Bd6 40. Ke2 Be7 41. Rxd5 Rc6 42. Kd3 Kf7 43. Ra5 Re6 44. Ra4 Kf8 45. Rc4 1-0

[Event "Corus-B"]
[Site "Wijk aan Zee"]
[Date "2010.01.18"]
[Round "3"]
[White "So, Wesley"]
[Black "Akobian, Varuzhan"]
[Result "1/2-1/2"]
[WhiteElo "2656"]
[BlackElo "2628"]
[PlyCount "65"]
[EventDate "2010.01.16"]
[EventType "tourn"]
[EventRounds "13"]
[EventCountry "NED"]
[EventCategory "16"]
[SourceTitle "CBM 135"]
[Source "ChessBase"]
[SourceDate "2010.03.17"]
[SourceVersion "1"]
[SourceVersionDate "2010.03.17"]
[SourceQuality "1"]

1. d4 {Gelfand,Boris Gelfand,Boris} d5 2. c4 e6 3. Nf3 c5 4. cxd5 exd5 5. Nc3 Nc6 6. g3 Nf6 7. Bg2 Be7 8. O-O O-O 9. Bg5 c4 10. Ne5 Be6 11. b3 Qa5 12. Qd2 Bb4 ({RR} 12... Qa6 13. bxc4 dxc4 14. Nxc6 bxc6 15. Qc2) ({RR} 12... Rfd8 13. Nxc6 bxc6 14. bxc4 dxc4 15. Bxc6) ({RR} 12... Qa6 13. bxc4 dxc4 14. Nxc6 bxc6 15. Qc2) ({RR} 12... Rfd8 13. Nxc6 bxc6 14. bxc4 dxc4 15. Bxc6) 13. Nxc6 ({RR} 13. Bxf6 gxf6 14. Nxc6) ({RR} 13. Bxf6 gxf6 14. Nxc6) 13... bxc6 14. Bxf6 gxf6 15. Rfc1 Rad8 16. bxc4 dxc4 17. e3 ({RR} 17. a3 Bxc3 18. Rxc3 c5 19. d5 Bxd5 20. Qc2) ({RR} 17. a3 Bxc3 18. Rxc3 c5 19. d5 Bxd5 20. Qc2) 17... f5 $146 ({RR} 17... c5 18. d5 Bxc3 19. Qxc3 ({RR} 19. Qxc3 Qxc3 20. Rxc3 Bxd5 21. Bxd5 Rxd5 22. Rxc4 Rb8 23. Rc2 Rb6) ({RR} 19. Qxc3 Qxc3 20. Rxc3 Bxd5 21. Bxd5 Rxd5 22. Rxc4 Rb8 23. Rc2 Rb6) 19... Qxc3 20. Rxc3 Bxd5 21. Bxd5 Rxd5 22. Rxc4 Rb8 23. Rac1 Rb2 24. a4 Rdd2 25. Rf4 Rb4 26. Rxc5 Rxf4 27. gxf4 Rd6 28. Kg2 Kg7 29. Kf3 Kg6 30. Kg4 h6 31. h4 Rb6 32. h5+ {Bury,T (1823)-Guddat,J (1787) Nordrheinwestfalen 2012 1-0 (52)}) ({RR} 17... c5 18. d5 Bxc3 19. Rxc3 Bxd5 20. Bxd5 Rxd5 21. Qc2 Rc8 ({RR} 21... Rfd8 22. Rxc4 Qd2 23. Rxc5) ({RR} 21... Rfd8 22. Rxc4 Qd2 23. Rxc5) 22. Rxc4 ({RR} 22. Rc1 Rd3 23. Rxc4 Qd2 24. Rxc5) ({RR} 22. Rb1) ({RR} 22. Rc1 Rd3 23. Rxc4 Qd2 24. Rxc5) ({RR} 22. Rb1) 22... Qd2 23. Rc1 ({RR} 23. Qe4 Rcd8) ({RR} 23. Qe4 Rcd8) 23... Qxc2 24. R1xc2 Rc6 ({RR} 24... Kg7 25. Rb2 Rc6 26. Rb7) ({RR} 24... Kg7 25. Rb2 Rc6 26. Rb7) 25. Kg2 ({RR} 25. Rb2 Rb6) ({RR} 25. Ra4 Rc7 26. Kg2 f5 27. Kf3) ({RR} 25. Rb2 Rb6) ({RR} 25. Ra4 Rc7 26. Kg2 f5 27. Kf3) 25... Ra6 26. a4 ({RR} 26. Kf3 Ra3) ({RR} 26. Kf3 Ra3) 26... h6 ({RR} 26... Kg7 27. Kf3 Kg6 28. Ke2 ({RR} 28. Rg4+ Rg5) ({RR} 28. Rg4+ Rg5) 28... f5 29. Rd2 Rad6 ({RR} 29... Re5 30. Rd8) ({RR} 29... Rxd2+ 30. Kxd2) ({RR} 29... Re5 30. Rd8) ({RR} 29... Rxd2+ 30. Kxd2) 30. Rxd5 Rxd5 31. Rc2 Kf6 32. Rb2) ({RR} 26... f5 27. Rxc5 Rxc5 28. Rxc5 Rxa4 29. Rxf5 a5 30. Kf3 Ra1 31. h4 a4 32. Ra5 a3 33. h5 h6 34. g4 Kg7 35. e4 Ra2 36. Ke3 Ra1 37. Ra6 Ra2 ({RR} 37... a2 38. Kf4) ({RR} 37... a2 38. Kf4) 38. e5 Ra1 39. Kf4 Rf1 40. f3 Ra1 41. Kf5) ({RR} 26... Kg7 27. Kf3 Kg6 28. Ke2 f5 29. Rd2 Rad6 30. Rxd5 Rxd5 31. Rc2 Kf6 32. Rb2) ({RR} 26... f5 27. Rxc5 Rxc5 28. Rxc5 Rxa4 29. Rxf5 a5 30. Kf3 Ra1 31. h4 a4 32. Ra5 a3 33. h5 h6 34. g4 Kg7 35. e4 Ra2 36. Ke3 Ra1 37. Ra6 Ra2 38. e5 Ra1 39. Kf4 Rf1 40. f3 Ra1 41. Kf5) 27. Kf3 Kf8 28. Ke2 Ra5 ({RR} 28... Ke7 29. Rxc5 Rxc5 30. Rxc5 Rxa4 31. Rh5 Ra1 ({RR} 31... Kf8 32. Rxh6 Kg7 33. Rh5 Ra1 34. h4 a5 35. Kf3 a4 36. Ra5 a3 37. g4 ({RR} 37. Kf4 Ra2 38. f3 Ra1 39. h5 a2 40. g4 Kh7 41. e4 Kg7) ({RR} 37. Kf4 Ra2 38. f3 Ra1 39. h5 a2 40. g4 Kh7 41. e4 Kg7) 37... Rh1 ({RR} 37... a2 38. h5) ({RR} 37... a2 38. h5) 38. h5 Ra1 39. Ra6) ({RR} 31... Kf8 32. Rxh6 Kg7 33. Rh5 Ra1 34. h4 a5 35. Kf3 a4 36. Ra5 a3 37. g4 Rh1 38. h5 Ra1 39. Ra6) 32. Rxh6 a5 33. h4 a4 34. Rh8 a3 35. Ra8) ({RR} 28... Rh5 29. h4 Rd5 30. R2c3 ({RR} 30. Rb2 Rb6 31. Rb5 Rxb5 32. axb5 Kg7 33. Kf3 Rd6 34. Rxc5 Rb6) ({RR} 30. Rb2 Rb6 31. Rb5 Rxb5 32. axb5 Kg7 33. Kf3 Rd6 34. Rxc5 Rb6) 30... Kg7 31. Rd3 Rxd3 32. Kxd3) ({RR} 28... Ke7 29. Rxc5 Rxc5 30. Rxc5 Rxa4 31. Rh5 Ra1 32. Rxh6 a5 33. h4 a4 34. Rh8 a3 35. Ra8) ({RR} 28... Rh5 29. h4 Rd5 30. R2c3 Kg7 31. Rd3 Rxd3 32. Kxd3) 29. Rb2 Rd6 30. Rb8+ Ke7 31. Rh4 ({RR} 31. Rc8 Rda6 32. Rc7+ Ke6) ({RR} 31. Rc8 Rda6 32. Rc7+ Ke6) 31... Rb6 ({RR} 31... Rc6 32. Re4+ Re6 33. Rb7+ Kd6 ({RR} 33... Kf8 34. Rh4 Rc6 35. Rxh6 Kg7 36. Rh4 c4 37. Rb4 c3 38. Rhc4) ({RR} 33... Kf8 34. Rh4 Rc6 35. Rxh6 Kg7 36. Rh4 c4 37. Rb4 c3 38. Rhc4) 34. Rf4) ({RR} 31... Rc6 32. Re4+ Re6 33. Rb7+ Kd6 34. Rf4) 32. Rc8 {Gelfand,B (2714)-Grischuk,A (2719) Sochi 2004 EXT 2020 [Gelfand,Boris] 1-0 (45)}) ({RR} 17... c5 18. d5 Bxc3 19. Qxc3 Qxc3 20. Rxc3 Bxd5 21. Bxd5 Rxd5 22. Rxc4 Rb8 23. Rac1 Rb2 24. a4 Rdd2 25. Rf4 Rb4 26. Rxc5 Rxf4 27. gxf4 Rd6 28. Kg2 Kg7 29. Kf3 Kg6 30. Kg4 h6 31. h4 Rb6 32. h5+ {Bury,T (1823)-Guddat,J (1787) Nordrheinwestfalen 2012 1-0 (52)}) ({RR} 17... c5 18. d5 Bxc3 19. Rxc3 Bxd5 20. Bxd5 Rxd5 21. Qc2 Rc8 22. Rxc4 Qd2 23. Rc1 Qxc2 24. R1xc2 Rc6 25. Kg2 Ra6 26. a4 h6 27. Kf3 Kf8 28. Ke2 Ra5 29. Rb2 Rd6 30. Rb8+ Ke7 31. Rh4 Rb6 32. Rc8 {Gelfand,B (2714)-Grischuk,A (2719) Sochi 2004 EXT 2020 [Gelfand,Boris] 1-0 (45)}) 18. Bxc6 f4 19. a3 fxe3 20. Qxe3 Bxc3 21. Rxc3 Rd6 22. Be4 Rfd8 23. d5 Bxd5 24. Qg5+ Kf8 25. Re3 h6 26. Qf5 Re6 27. Rae1 c3 28. Qh7 c2 29. Bxd5 Qxe1+ 30. Rxe1 Rxe1+ 31. Kg2 Rxd5 32. Qxc2 Re6 33. Qb3 1/2-1/2

[Event "Baku President's Cup 3rd"]
[Site "Baku"]
[Date "2008.05.12"]
[Round "8"]
[White "Gelashvili, Tamaz"]
[Black "Mamedov, Rauf"]
[Result "1/2-1/2"]
[WhiteElo "2622"]
[BlackElo "2617"]
[PlyCount "89"]
[EventDate "2008.05.12"]
[EventType "swiss"]
[EventRounds "9"]
[EventCountry "AZE"]
[SourceTitle "CBM 124 Extra"]
[Source "ChessBase"]
[SourceDate "2008.07.03"]
[SourceVersion "1"]
[SourceVersionDate "2008.07.03"]
[SourceQuality "1"]

1. Nf3 {Chessbase Chessbase} c5 2. c4 Nf6 3. Nc3 e6 4. e3 Nc6 5. d4 d5 6. cxd5 exd5 7. Bb5 cxd4 8. Nxd4 Bd7 9. Nf3 ({RR} 9. O-O Bd6 10. Nf3 a6 11. Be2 Bg4 12. h3 Bh5 13. b3 O-O 14. Bb2 Re8 15. Nh4 Bg6 16. Nxg6 hxg6 17. Bf3 Be5 18. Rb1 d4 19. exd4 Nxd4 20. Bxb7 Ra7 21. Bf3 Rd7 22. Na4 Qa5 23. Kh1 Nxf3) ({RR} 9. O-O Bd6 10. Nf3 a6 11. Be2 Bg4 12. h3 Bh5 13. b3 O-O 14. Bb2 Re8 15. Nh4 Bg6 16. Nxg6 hxg6 17. Bf3 Be5 18. Rb1 d4 19. exd4 Nxd4 20. Bxb7 Ra7 21. Bf3 Rd7 22. Na4 Qa5 23. Kh1 Nxf3) 9... Bb4 10. O-O Bxc3 11. bxc3 O-O 12. c4 a6 13. cxd5 $146 ({RR} 13. Bxc6 Bxc6 14. cxd5 ({RR} 14. cxd5 Qxd5 15. Qxd5 Bxd5 16. Bb2 Ne4 17. Rfd1 Rfd8 18. Rd4 Bc6 19. Rad1 Rxd4 20. Rxd4 f6 21. h3 Kf7 22. Nd2) ({RR} 14. cxd5 Qxd5 15. Qxd5 Bxd5 16. Bb2 Ne4 17. Rfd1 Rfd8 18. Rd4 Bc6 19. Rad1 Rxd4 20. Rxd4 f6 21. h3 Kf7 22. Nd2) 14... Qxd5 15. Qxd5 Bxd5 16. Bb2 Ne4 17. Rfd1 Rfd8 18. Rd4 Bc6 19. Rad1 Rxd4 20. Rxd4 f6 21. h3 Kf7 22. Nd2 {½-½ (22) Grachev,B (2614)-Gelfand,B (2684) Moscow 2019}) ({RR} 13. Bxc6 Bxc6 14. Ba3 Re8 15. Nd4 dxc4 16. Nxc6 bxc6 17. Qc1 Ne4 18. f3 Ng5 19. e4 Qa5 20. Bd6 Rad8 21. Qa3 Qxa3 22. Bxa3 Rd3 23. Bb4 Rb8 24. a3 Ne6 25. Rfc1 c5 26. Be1 Rb2 27. Rxc4 Re3 {Nepomniachtchi,I (2767)-Abdusattorov,N (2762) Saint Louis USA 2024 [Chessbase] ½-½ (66)}) ({RR} 13. Bxc6 Bxc6 14. cxd5 Qxd5 15. Qxd5 Bxd5 16. Bb2 Ne4 17. Rfd1 Rfd8 18. Rd4 Bc6 19. Rad1 Rxd4 20. Rxd4 f6 21. h3 Kf7 22. Nd2 {½-½ (22) Grachev,B (2614)-Gelfand,B (2684) Moscow 2019}) ({RR} 13. Bxc6 Bxc6 14. Ba3 Re8 15. Nd4 dxc4 16. Nxc6 bxc6 17. Qc1 Ne4 18. f3 Ng5 19. e4 Qa5 20. Bd6 Rad8 21. Qa3 Qxa3 22. Bxa3 Rd3 23. Bb4 Rb8 24. a3 Ne6 25. Rfc1 c5 26. Be1 Rb2 27. Rxc4 Re3 {Nepomniachtchi,I (2767)-Abdusattorov,N (2762) Saint Louis USA 2024 [Chessbase] ½-½ (66)}) 13... axb5 14. dxc6 bxc6 15. Qc2 Qe7 16. Bb2 h6 17. Rfd1 Rfd8 18. Bd4 Be8 19. Rdc1 Rd5 20. Nd2 Ra4 21. f3 Qd6 22. Nf1 Rc4 23. Qb2 Rb4 24. Qa3 Ra4 25. Qxd6 Rxd6 26. a3 Rd8 27. Ng3 Rda8 28. Bxf6 gxf6 29. Nh5 f5 30. Nf6+ Kg7 31. Nxe8+ Rxe8 32. Kf2 Rea8 33. Rab1 R8a6 34. Rb3 f4 35. exf4 Rxf4 36. g4 Rfa4 37. Rcc3 Kg6 38. Kg3 h5 39. h3 f6 40. Rd3 hxg4 41. hxg4 Rc4 42. Rd7 c5 43. Rxb5 f5 44. Kh4 fxg4 45. fxg4 1/2-1/2

[Event "Corus"]
[Site "Wijk aan Zee"]
[Date "2002.01.21"]
[Round "8"]
[White "Bareev, Evgeny"]
[Black "Grischuk, Alexander"]
[Result "1/2-1/2"]
[WhiteElo "2707"]
[BlackElo "2671"]
[PlyCount "55"]
[EventDate "2002.01.12"]
[EventType "tourn"]
[EventRounds "13"]
[EventCountry "NED"]
[EventCategory "18"]
[SourceTitle "CBM 087"]
[Source "ChessBase"]
[SourceDate "2002.03.21"]
[SourceVersion "1"]
[SourceVersionDate "2002.03.21"]
[SourceQuality "1"]

1. c4 e6 2. Nc3 d5 3. d4 c5 4. cxd5 exd5 5. Nf3 Nc6 6. g3 Nf6 7. Bg2 Be7 8. O-O O-O 9. Bg5 c4 10. Ne5 Be6 11. Nxc6 bxc6 12. b3 Qa5 13. Na4 Rab8 14. Bf4 Rb7 15. Qc2 Rc8 16. bxc4 Rb4 17. Nb2 Qb6 18. Rab1 $146 ({RR} 18. c5 Qb5 19. Nd3 Rxd4 20. Rab1 Qa6 21. Bd6 Rc4 22. Qb3 Bxd6 23. cxd6 c5 24. Qb7 Ra4 25. d7 Qxb7 26. Rxb7 Bxd7 27. Bxd5 Nxd5 28. Rxd7 Nb6 29. Rb7 Rxa2 30. Rd1 g6 31. Ne5 c4 32. Nxf7 c3 {Schubert,T (2305)-Bach,M (2335) Germany 1998 ½-½ (35)}) ({RR} 18. c5 Qb5 19. Nd3 Rxd4 20. Rab1 Qa6 21. Bd6 Rc4 22. Qb3 Bxd6 23. cxd6 c5 24. Qb7 Ra4 25. d7 Qxb7 26. Rxb7 Bxd7 27. Bxd5 Nxd5 28. Rxd7 Nb6 29. Rb7 Rxa2 30. Rd1 g6 31. Ne5 c4 32. Nxf7 c3 {Schubert,T (2305)-Bach,M (2335) Germany 1998 ½-½ (35)}) 18... dxc4 19. Na4 Qa5 20. Rxb4 Bxb4 21. Bc1 Nd5 22. a3 Bf8 23. Bd2 Qa6 24. Ra1 Rd8 25. e3 Qb5 26. Rb1 Qa6 27. Ra1 Qb5 28. Rb1 1/2-1/2